MARC

LEADER 00000nab a2200000 a 4500
001 vtls000001627
003 SK-MaSNL
005 20260305001300.0
008 250423c1978 xo 0 slo
015 |a SNBRB19rr/mm-uuuuu 
035 |a CL0011719 
035 |a urn:nbn:sk:snk-abb6ng 
035 |a (urnnbn)urn:nbn:sk:snk:ar-00484n 
035 |a (uuid)25191f47-764a-4dcf-bb65-1135bdcddcab 
040 |a SNKBUCL  |b slo  |c SNKBUCL  |e AACR2 
041 0 |a slo 
044 |a xo  |c SK 
080 |a 82.09:882+82(47)-1(048)  |2 1981 
080 |a 882  |2 1981 
080 |a 82(47)-1(048)  |2 1981 
100 1 |a Červeňák, Andrej,  |d 1932-2012  |4 aut  |9 153402 
245 1 0 |a Šesťdesiat  |c Andrej Červeňák 
650 0 7 |a ruská poézia  |2 snkbucl  |9 66518 
650 0 7 |a októbrová revolúcia (1917 : Rusko)  |2 snkbucl  |9 164524 
655 7 |a články z novín a časopisov  |2 snkbucl  |9 267496 
655 7 |a články z odboru literárna veda a krásna literatúra  |2 snkbucl  |9 770045 
773 0 |t Revue svetovej literatúry  |g Roč. 14, č. 3 (1978), s. 184-185 
787 0 8 |i Rec.:  |t Šesťdesiat  |d Bratislava : Slovenský spisovateľ, 1977 
850 |a Slovenská národná knižnica 
852 |a Slovenská národná knižnica 
958 |a article15 
958 |a RK 
958 |a LX 
958 |a SK 
958 |a OND 
958 |a EUIPO 
999 |c 3218421  |d 3220351